La capitale océanique par son code d'aéroport - Statistiques

Statistiques générales
  • Ce quiz a été pris 9 fois
  • Le résultat moyen est 9 sur 11
Statistiques - réponses
Code IATA Réponse % Correct
CBR Canberra
100%
WLG Wellington
100%
FUN Funafuti
88%
SUV Suva
88%
APW Apia
75%
HIR Honiara
75%
MAJ Majuro
75%
POM Port Moresby
75%
VLI Port-Vila
75%
TRW Tarawa
75%
INU Yaren
38%
Aucun quiz correspondant
Distribution des résultats
% des personnes avec chaque résultat
Percentile par nombre de réponses
Votre historique - résultats
Vous n’avez pas pris ce quiz